Sports Quiz

Random Sports Quiz

NHL Highest Shot % (Career) Quiz Stats

 Plays Quiz not verified by Sporcle

Score 0/30 Timer 05:00
0 Plays Today
% Correct
Rick Nash
72.4%
Mario Lemieux
65.5%
Teemu Selanne
63.2%
Joe Thornton
60.9%
Patrick Marleau
56.3%
Mike Bossy
49.4%
Dany Heatley
49.4%
Mark Recchi
47.1%
Jari Kurri
46%
Tomas Holmstrom
46%
Milan Hejduk
46%
Steve Sullivan
37.9%
Daniel Briere
31%
Peter Stastny
29.9%
Ilya Kovalchuk
29.9%
% Correct
Alex Tanguay
27.6%
Andrew Brunette
27.6%
J.P Dumont
24.1%
Mike Knuble
23%
Craig Simpson
14.9%
Kent Nilsson
13.8%
Charles Simmer
9.2%
Rick Middleton
8%
Mark Hunter
8%
Paul Maclean
4.6%
Blaine Stoughton
4.6%
Mike Ridley
4.6%
Steve Vickers
4.6%
Ray Ferraro
4.6%
Yvon Lambert
3.4%

You're not logged in!

Compare scores with friends on all Sporcle quizzes.
OR
Log In

Show Comments

Extras

Created Sep 5, 2010SourceReportNominate

Top Quizzes Today


Score Distribution

Your Account Isn't Verified!

In order to create a playlist on Sporcle, you need to verify the email address you used during registration. Go to your Sporcle Settings to finish the process.

Report this User

Report this user for behavior that violates our Community Guidelines.

Details: